[Event "Rated Blitz game"]
[Site "?"]
[Date "2021.06.15"]
[Round "?"]
[White "smitty77"]
[Black "walodelpalo"]
[Result "1-0"]
[WhiteElo "2443"]
[BlackElo "2304"]
[PlyCount "57"]
[EventDate "2021.??.??"]
[EventType "blitz"]

1. e4 e5 2. Nf3 d5 3. exd5 Bd6 4. d4 e4 5. Ne5 Nf6 6. Nc3 O-O 7. Bc4 Qe7 8. Bf4
Nbd7 9. Qd2 Nxe5 10. dxe5 Bxe5 11. O-O-O a6 12. Rhe1 Bf5 13. Bxe5 Qxe5 14. f3
Rfe8 15. fxe4 Nxe4 16. Nxe4 Bxe4 17. Bd3 f5 18. Bxe4 fxe4 19. d6 cxd6 20. Qxd6
Rad8 21. Qxe5 Rxd1+ 22. Rxd1 Rxe5 23. Rd7 Rg5 24. g3 Rh5 25. Rd2 Rf5 26. Re2
Rf1+ 27. Kd2 Ra1 28. a3 Ra2 29. Kc3 {Normal} 1-0

[Event "Rated Blitz tournament jsDnDtW7"]
[Site "?"]
[Date "2021.06.15"]
[Round "?"]
[White "Yudhistira-TN"]
[Black "om_gendut"]
[Result "0-1"]
[WhiteElo "2307"]
[BlackElo "2460"]
[PlyCount "55"]
[EventDate "2021.??.??"]
[EventType "blitz"]

1. e4 e5 2. Nf3 d5 3. Nxe5 Bd6 4. d4 dxe4 5. Nc4 Be7 6. Be3 Nf6 7. Ncd2 Nc6 8.
Nb3 a5 9. a4 O-O 10. Nc3 Bf5 11. Qd2 Nb4 12. Bc4 c6 13. O-O Bd6 14. f3 Qc7 15.
g3 exf3 16. Rxf3 Bxc2 17. Nc5 Bg6 18. Raf1 Rad8 19. Rxf6 gxf6 20. N5e4 Be7 21.
Bh6 Rfe8 22. Nxf6+ Bxf6 23. Rxf6 Qe7 24. Qg5 Nd5 25. Nxd5 cxd5 26. Bd3 Rd6 27.
Bxg6 hxg6 28. Re6 {Normal} 0-1

[Event "Rated Blitz game"]
[Site "?"]
[Date "2021.06.15"]
[Round "?"]
[White "ChessHungerOnTwitch"]
[Black "pasha1984"]
[Result "1-0"]
[WhiteElo "2440"]
[BlackElo "2432"]
[PlyCount "57"]
[EventDate "2021.??.??"]
[EventType "blitz"]

1. e4 e5 2. Nf3 d5 3. d4 dxe4 4. Nxe5 Bd6 5. Nc4 Nc6 6. Nxd6+ Qxd6 7. c3 Nge7
8. g3 h5 9. Bf4 Qg6 10. Nd2 Bg4 11. Qb3 O-O-O 12. h3 Bf3 13. Nxf3 exf3 14.
O-O-O Nd5 15. Bd3 Qf6 16. Bd2 g5 17. h4 g4 18. Bg5 Qd6 19. Bxd8 Rxd8 20. Rhe1
Kb8 21. Kb1 Nb6 22. Be4 Na5 23. Qxf7 Nbc4 24. Bd3 b5 25. Qxh5 Qb6 26. Qc5 Qb7
27. Be4 c6 28. Bf5 Nb6 29. Qe7 {Normal} 1-0

[Event "Rated Blitz game"]
[Site "?"]
[Date "2021.06.15"]
[Round "?"]
[White "E_Sapar"]
[Black "Schachelite"]
[Result "1-0"]
[WhiteElo "2511"]
[BlackElo "2492"]
[PlyCount "49"]
[EventDate "2021.??.??"]
[EventType "blitz"]

1. e4 e5 2. Nf3 d5 3. exd5 e4 4. Qe2 Nf6 5. d3 Qxd5 6. Nbd2 Nc6 7. dxe4 Qe6 8.
Qc4 Qe7 9. Bd3 Be6 10. Qb5 O-O-O 11. O-O h6 12. Nb3 g5 13. Be3 Bxb3 14. axb3
Nxe4 15. Rfe1 Nd6 16. Qa4 Qd7 17. b4 Bg7 18. b5 Nb8 19. Qxa7 g4 20. Nd4 f5 21.
Bf4 Bxd4 22. Qxd4 Rde8 23. b6 Rxe1+ 24. Rxe1 Nc6 25. Qxh8+ {Normal} 1-0

[Event "Rated Blitz game"]
[Site "?"]
[Date "2021.06.15"]
[Round "?"]
[White "Bibekthing"]
[Black "KamranShirazi"]
[Result "0-1"]
[WhiteElo "2467"]
[BlackElo "2504"]
[PlyCount "40"]
[EventDate "2021.??.??"]
[EventType "blitz"]

1. e4 e5 2. Nf3 d5 3. exd5 e4 4. Qe2 Nf6 5. Nc3 Be7 6. Nxe4 Nxd5 7. d4 O-O 8.
c3 Re8 9. Be3 f5 10. O-O-O fxe4 11. Nd2 Bf5 12. g4 Bg6 13. h4 Bxh4 14. Bg2 Nxe3
15. fxe3 Bg5 16. Rdf1 Nd7 17. Rf5 Bxf5 18. gxf5 Nf6 19. Nf1 Qd5 20. Qh5 Nxh5 {
Normal} 0-1

[Event "Rated Blitz game"]
[Site "?"]
[Date "2021.06.15"]
[Round "?"]
[White "pele1397"]
[Black "GoughPhar"]
[Result "0-1"]
[WhiteElo "2386"]
[BlackElo "2401"]
[PlyCount "26"]
[EventDate "2021.??.??"]
[EventType "blitz"]

1. e4 e5 2. Nf3 d5 3. exd5 e4 4. Qe2 Nf6 5. Nc3 Be7 6. Nxe4 O-O 7. d3 Re8 8.
Be3 Qxd5 9. Nc3 Bb4 10. g3 Bg4 11. Bg2 Nc6 12. O-O Qh5 13. Qd1 Ne5 {Normal} 0-1

[Event "Rated Blitz game"]
[Site "?"]
[Date "2021.06.15"]
[Round "?"]
[White "BATRAZ_GABOEV"]
[Black "sigmadepp"]
[Result "0-1"]
[WhiteElo "2342"]
[BlackElo "2453"]
[PlyCount "70"]
[EventDate "2021.??.??"]
[EventType "blitz"]

1. e4 e5 2. Nf3 d5 3. d4 dxe4 4. Nxe5 Nd7 5. Nxd7 Bxd7 6. Be2 Bd6 7. c4 c6 8.
Nc3 Qh4 9. Qc2 f5 10. c5 Bc7 11. d5 cxd5 12. Nxd5 Be5 13. g3 Qd8 14. Be3 Nf6
15. O-O-O Qa5 16. Kb1 Bc6 17. Nxf6+ Bxf6 18. Bc4 b6 19. Rd6 Rc8 20. Rhd1 bxc5
21. Qb3 Qb4 22. Bf7+ Kf8 23. Be6 Rc7 24. Rd8+ Bxd8 25. Rxd8+ Ke7 26. Rxh8 Qe1+
27. Bc1 e3 28. Rxh7 Be4+ 29. Qc2 Bxc2+ 30. Kxc2 Kxe6 31. Rh6+ gxh6 32. Bxe3
Qxe3 33. Kb1 Qxf2 34. a3 Rb7 35. Ka2 Qxb2# {Normal} 0-1

[Event "Rated Blitz game"]
[Site "?"]
[Date "2021.06.15"]
[Round "?"]
[White "Joaquincel"]
[Black "JUNYHuTANGc0"]
[Result "0-1"]
[WhiteElo "2302"]
[BlackElo "2452"]
[PlyCount "46"]
[EventDate "2021.??.??"]
[EventType "blitz"]

1. e4 e5 2. Nf3 d5 3. Nxe5 dxe4 4. d4 Bd6 5. Nc4 Nc6 6. Nxd6+ Qxd6 7. Be3 f5 8.
Nc3 Nf6 9. Bc4 f4 10. Bd2 Nxd4 11. O-O Bg4 12. Qc1 O-O-O 13. Bxf4 Qc6 14. Bb3
Nd5 15. Bxd5 Rxd5 16. Kh1 Rh5 17. Bg3 Rf8 18. Qd2 Nf5 19. Rae1 e3 20. Qd5 Nxg3+
21. fxg3 Rxf1+ 22. Rxf1 Rxd5 23. Nxd5 Qxd5 {Normal} 0-1

[Event "Rated Rapid game"]
[Site "?"]
[Date "2021.06.15"]
[Round "?"]
[White "YuryLu"]
[Black "DarthZannah"]
[Result "0-1"]
[WhiteElo "2416"]
[BlackElo "2607"]
[PlyCount "54"]
[EventDate "2021.??.??"]
[EventType "rapid"]

1. e4 e5 2. Nf3 d5 3. exd5 e4 4. Qe2 Nf6 5. d3 Qxd5 6. Nc3 Bb4 7. Bd2 Bxc3 8.
Bxc3 O-O 9. Bxf6 exf3 10. Qe4 Qxe4+ 11. dxe4 fxg2 12. Bxg2 gxf6 13. O-O-O Nc6
14. f4 f5 15. e5 Be6 16. Bd5 Bxd5 17. Rxd5 Rfd8 18. Rhd1 Rxd5 19. Rxd5 Rd8 20.
c4 Rxd5 21. cxd5 Nb4 22. d6 cxd6 23. exd6 Nd3+ 24. Kd2 Nxf4 25. Ke3 Ne6 26. h4
Kf8 27. Kd3 Ke8 {Normal} 0-1

[Event "Rated Blitz game"]
[Site "?"]
[Date "2021.06.15"]
[Round "?"]
[White "aliy26"]
[Black "KinzyabulatovRenat"]
[Result "0-1"]
[WhiteElo "2438"]
[BlackElo "2434"]
[PlyCount "24"]
[EventDate "2021.??.??"]
[EventType "blitz"]

1. e4 e5 2. Nf3 d5 3. Bc4 dxc4 4. Nxe5 Qd4 5. Nf3 Qxe4+ 6. Kf1 Bg4 7. d3 cxd3
8. cxd3 Bxf3 9. gxf3 Qf5 10. Qb3 Qxf3 11. Rg1 Bc5 12. d4 Qxb3 {Normal} 0-1

[Event "Rated Blitz game"]
[Site "?"]
[Date "2021.06.15"]
[Round "?"]
[White "MRMANiA"]
[Black "JHoNYHuTANGCo"]
[Result "1-0"]
[WhiteElo "2396"]
[BlackElo "2404"]
[PlyCount "45"]
[EventDate "2021.??.??"]
[EventType "blitz"]

1. e4 e5 2. Nf3 d5 3. exd5 e4 4. Qe2 Nf6 5. Nc3 Be7 6. Nxe4 O-O 7. d3 Qxd5 8.
Bd2 Nc6 9. O-O-O Qxa2 10. Bc3 Nxe4 11. Qxe4 Be6 12. h4 Rfe8 13. Ng5 g6 14. Nxh7
Kxh7 15. h5 Bg5+ 16. f4 Bf5 17. hxg6+ Kxg6 18. Qf3 Rh8 19. Rxh8 Rxh8 20. fxg5
Rh4 21. g3 Ra4 22. Be2 Nb4 23. Qh5# {Normal} 1-0

[Event "Rated Blitz game"]
[Site "?"]
[Date "2021.06.15"]
[Round "?"]
[White "Storm89"]
[Black "Polyclinical"]
[Result "0-1"]
[WhiteElo "2635"]
[BlackElo "2848"]
[PlyCount "122"]
[EventDate "2021.??.??"]
[EventType "blitz"]

1. e4 e5 2. Nf3 d5 3. Nxe5 Bd6 4. d4 dxe4 5. Nc4 Nf6 6. Nxd6+ Qxd6 7. Be2 Nc6
8. c3 Be6 9. Na3 O-O-O 10. Nc4 Bxc4 11. Bxc4 Ne5 12. Be2 Ng6 13. g3 Kb8 14. Be3
Nd5 15. Qb3 Nge7 16. c4 Nxe3 17. fxe3 Qh6 18. O-O Rhf8 19. Rf4 f5 20. Raf1 g5
21. R4f2 f4 22. Qb4 Nc6 23. Qc5 f3 24. Bd1 g4 25. Ba4 Qxe3 26. Bxc6 bxc6 27.
Rd1 Rf6 28. Qb4+ Ka8 29. Qa5 Rf7 30. Qa6 Rf6 31. Qa5 Kb7 32. Qb4+ Kc8 33. Qa5
Rfd6 34. Qa6+ Kd7 35. d5 cxd5 36. Qb5+ Ke6 37. c5 R6d7 38. c6 Rd6 39. Qb3 Qb6
40. Qc3 e3 41. Qd3 d4 42. Qe4+ Kf7 43. Qf5+ Kg8 44. Qg5+ Kh8 45. Qe5+ Kg8 46.
Qg5+ Kf7 47. Qf5+ Ke7 48. Qg5+ Ke6 49. Qxg4+ Kd5 50. Qf5+ Kxc6 51. Qc2+ Kb7 52.
Qe4+ Rd5 53. Qxf3 exf2+ 54. Qxf2 Qc6 55. Kf1 Qc5 56. Qf3 Qd6 57. Qf2 Qe6 58.
Kg1 Rf5 59. Qg2+ Qd5 60. Re1 Qf3 61. Qxf3+ Rxf3 {Time forfeit} 0-1

[Event "Rated Blitz game"]
[Site "?"]
[Date "2021.06.15"]
[Round "?"]
[White "berndhoy"]
[Black "khalid_ontawar"]
[Result "0-1"]
[WhiteElo "2483"]
[BlackElo "2455"]
[PlyCount "66"]
[EventDate "2021.??.??"]
[EventType "blitz"]

1. e4 e5 2. Nf3 d5 3. Nxe5 Qe7 4. d4 f6 5. Nd3 dxe4 6. Nf4 Bf5 7. Nc3 Nc6 8.
Bb5 O-O-O 9. Bxc6 bxc6 10. Be3 c5 11. d5 Qe5 12. Qe2 g5 13. Qa6+ Kb8 14. Nb5
gxf4 15. Nxa7 Rd6 16. Nc6+ Rxc6 17. dxc6 Bc8 18. Qb5+ Ka8 19. Bd2 c4 20. Qa4+
Kb8 21. Bxf4 Qxf4 22. Qb5+ Ka7 23. Qa5+ Ba6 24. O-O Qd6 25. Rfd1 Qxc6 26. b4
Bd6 27. a4 Qb6 28. Qf5 Ne7 29. Qxe4 Bb7 30. Qxc4 Qc6 31. Qd4+ Kb8 32. f3 Nf5
33. Qxf6 Bc5+ {Normal} 0-1

[Event "Rated Blitz game"]
[Site "?"]
[Date "2021.06.15"]
[Round "?"]
[White "ADDRESP"]
[Black "JH0NYHUTANGCo"]
[Result "1-0"]
[WhiteElo "2457"]
[BlackElo "2414"]
[PlyCount "49"]
[EventDate "2021.??.??"]
[EventType "blitz"]

1. e4 e5 2. Nf3 d5 3. exd5 e4 4. Qe2 Nf6 5. Nc3 Be7 6. Nxe4 O-O 7. d3 Qxd5 8.
c4 Qa5+ 9. Bd2 Qb6 10. Be3 Bb4+ 11. Nc3 Qa5 12. Qc2 Nc6 13. Be2 Bf5 14. O-O
Rad8 15. a3 Bxc3 16. bxc3 Ng4 17. Bf4 Rfe8 18. Rfe1 h6 19. Bg3 Rxe2 20. Qxe2
Bxd3 21. Qb2 Bxc4 22. h3 Nf6 23. Rad1 Rb8 24. Ne5 Be6 25. Nxc6 {Normal} 1-0

[Event "Rated Blitz tournament Yvx7yj7p"]
[Site "?"]
[Date "2021.06.14"]
[Round "?"]
[White "Gobindo"]
[Black "YSA_kbpl"]
[Result "1-0"]
[WhiteElo "2572"]
[BlackElo "2312"]
[PlyCount "87"]
[EventDate "2021.??.??"]
[EventType "blitz"]

1. e4 e5 2. Nf3 d5 3. Nxe5 dxe4 4. d4 Nd7 5. Bf4 Bd6 6. Nc3 Ngf6 7. Bc4 O-O 8.
O-O Qe7 9. Nxd7 Bxd7 10. Bg5 Bc6 11. Re1 Rad8 12. Qe2 h6 13. Bh4 Bf4 14. Rad1
Bg5 15. Bg3 h5 16. d5 h4 17. dxc6 hxg3 18. hxg3 bxc6 19. Rxd8 Rxd8 20. Nxe4
Nxe4 21. Qxe4 Qxe4 22. Rxe4 Bf6 23. Bd3 Bxb2 24. Ra4 Bd4 25. Rc4 Rd6 26. Kf1
Bb6 27. f3 Kf8 28. Be4 Rd2 29. f4 Rf2+ 30. Ke1 f5 31. Bf3 g5 32. fxg5 Kg7 33.
Rxc6 Be3 34. a4 a5 35. c3 Ra2 36. Rxc7+ Kg6 37. Rc6+ Kxg5 38. Bd5 Bd2+ 39. Kf1
Kg4 40. Bxa2 Kxg3 41. Rg6+ Kf4 42. Bd5 Ke3 43. Bf3 Bxc3 44. Re6+ {Time forfeit}
1-0

[Event "Rated Blitz game"]
[Site "?"]
[Date "2021.06.14"]
[Round "?"]
[White "extermo44"]
[Black "Tristan2020"]
[Result "0-1"]
[WhiteElo "2463"]
[BlackElo "2342"]
[PlyCount "128"]
[EventDate "2021.??.??"]
[EventType "blitz"]

1. e4 e5 2. Nf3 d5 3. exd5 e4 4. Qe2 Nf6 5. d3 Qxd5 6. Nbd2 Be6 7. Nxe4 Nc6 8.
Nxf6+ gxf6 9. Qe4 Qa5+ 10. Bd2 Bb4 11. c3 Bd6 12. Qh4 O-O-O 13. Be2 Rhg8 14.
O-O Rg6 15. d4 Rdg8 16. g3 Rg4 17. Qxf6 Qh5 18. Ne5 Nxe5 19. dxe5 Bxe5 20. Bxg4
Bxg4 21. Qh6 Qf5 22. Rfe1 Bf3 23. Re3 Bd6 24. Rae1 Bc6 25. Qh4 Qd5 26. Qh3+ Kb8
27. Kf1 Qxd2 28. Qxh7 Rc8 29. Qxf7 b6 30. h4 Rf8 31. Re8+ Bxe8 32. Rxe8+ Rxe8
33. Qxe8+ Kb7 34. Qe4+ c6 35. Qe2 Qd5 36. Qg4 Qxa2 37. h5 Qxb2 38. h6 Bc5 39.
Qd7+ Ka6 40. Qd3+ b5 41. Qf3 Qc1+ 42. Kg2 Qxh6 43. g4 Bb6 44. Kg3 Qd6+ 45. Kg2
Qd2 46. Qf5 Qxc3 47. g5 b4 48. g6 b3 49. f4 b2 50. Qe4 Qc1 51. Qa4+ Ba5 52. g7
Qd2+ 53. Kg3 Qe3+ 54. Kg4 Qe6+ 55. f5 Qe2+ 56. Kg5 Qg2+ 57. Kf6 b1=Q 58. Qc4+
Qb5 59. g8=Q Qxc4 60. Qxc4+ Kb6 61. Qd4+ c5 62. Qd6+ Qc6 63. Qxc6+ Kxc6 64. Ke7
Bc3 {Normal} 0-1

[Event "Rated Blitz game"]
[Site "?"]
[Date "2021.06.14"]
[Round "?"]
[White "Sherlock90"]
[Black "KinzyabulatovRenat"]
[Result "1-0"]
[WhiteElo "2442"]
[BlackElo "2390"]
[PlyCount "107"]
[EventDate "2021.??.??"]
[EventType "blitz"]

1. e4 e5 2. Nf3 d5 3. d3 dxe4 4. dxe4 Qxd1+ 5. Kxd1 Nf6 6. Be3 Ng4 7. Ke2 Nc6
8. c3 f6 9. Nbd2 Be6 10. h3 Nxe3 11. Kxe3 O-O-O 12. Bb5 Nb8 13. Rhd1 a6 14. Bc4
Bd7 15. a4 Nc6 16. Ke2 Bc5 17. b4 Bf8 18. Nb3 Nb8 19. b5 b6 20. bxa6 Nc6 21.
Bb5 Na7 22. c4 c6 23. c5 Bxc5 24. Nxc5 bxc5 25. Bc4 Kc7 26. Rab1 Rb8 27. Rb7+
Rxb7 28. axb7 Rb8 29. Ba6 c4 30. Nd2 c3 31. Nc4 Be6 32. Rc1 Bxc4+ 33. Bxc4 Rxb7
34. Rxc3 Rb4 35. Bg8 h6 36. f3 Rxa4 37. Rd3 Nb5 38. Ke3 Nd4 39. Rc3 Kd6 40. Bc4
Ra1 41. f4 Re1+ 42. Kf2 Rxe4 43. fxe5+ Kxe5 44. Bd3 Rf4+ 45. Ke3 h5 46. Rc5+
Kd6 47. Rxh5 g5 48. g3 Rf3+ 49. Kxd4 Rxg3 50. Rh6 c5+ 51. Kc4 Ke5 52. Rh8 Rxh3
53. Rxh3 f5 54. Re3+ {Time forfeit} 1-0

[Event "Rated Blitz game"]
[Site "?"]
[Date "2021.06.14"]
[Round "?"]
[White "donaldduk"]
[Black "BaronBananenschnabel"]
[Result "0-1"]
[WhiteElo "2340"]
[BlackElo "2413"]
[PlyCount "32"]
[EventDate "2021.??.??"]
[EventType "blitz"]

1. e4 e5 2. Nf3 d5 3. Nxe5 Bd6 4. d4 dxe4 5. Nc4 Nf6 6. Ne3 O-O 7. c4 Re8 8.
Nc3 Nbd7 9. Be2 Nf8 10. O-O Ng6 11. Ng4 Nh5 12. Nh6+ gxh6 13. Bxh5 Qh4 14. g3
Qh3 15. c5 Nh4 16. Bxf7+ Kh8 {Normal} 0-1

[Event "Rated Blitz game"]
[Site "?"]
[Date "2021.06.14"]
[Round "?"]
[White "luismr15"]
[Black "RiskyBlitzer"]
[Result "0-1"]
[WhiteElo "2352"]
[BlackElo "2447"]
[PlyCount "42"]
[EventDate "2021.??.??"]
[EventType "blitz"]

1. e4 e5 2. Nf3 d5 3. exd5 Bd6 4. c4 e4 5. Nd4 Qe7 6. Nc3 Nf6 7. Be2 O-O 8. O-O
Qe5 9. g3 Qxd4 10. Nb5 Qe5 11. Nxd6 Qxd6 12. Rb1 c6 13. dxc6 Nxc6 14. Qa4 Nd4
15. Bd1 Bh3 16. Re1 Rfe8 17. b4 Nf3+ 18. Bxf3 exf3 19. Bb2 Rxe1+ 20. Rxe1 Qxd2
21. Rb1 Ng4 {Normal} 0-1

[Event "Rated Blitz game"]
[Site "?"]
[Date "2021.06.14"]
[Round "?"]
[White "damir361"]
[Black "BaronBananenschnabel"]
[Result "0-1"]
[WhiteElo "2403"]
[BlackElo "2417"]
[PlyCount "68"]
[EventDate "2021.??.??"]
[EventType "blitz"]

1. e4 e5 2. Nf3 d5 3. d4 dxe4 4. Nxe5 Bd6 5. Nc4 Nf6 6. Bg5 Bf5 7. Ne3 Bg6 8.
Bb5+ c6 9. Bc4 h6 10. Bh4 Nbd7 11. O-O Qc7 12. h3 O-O-O 13. Nc3 Bh5 14. Qd2 g5
15. Bg3 Bxg3 16. fxg3 Qxg3 17. Nf5 Qc7 18. b4 Kb8 19. b5 cxb5 20. Bxb5 Bg6 21.
Ne3 Nh5 22. Ncd5 Qg3 23. Qe1 Qxe1 24. Raxe1 Rhe8 25. Rf2 Re6 26. Bxd7 Rxd7 27.
c4 a6 28. Ref1 Ka7 29. c5 Ng3 30. Rb1 f5 31. Nb6 Rxd4 32. Rfb2 Rd8 33. Nbc4 Re7
34. Nd6 Rxd6 {Time forfeit} 0-1

[Event "Rated Blitz game"]
[Site "?"]
[Date "2021.06.14"]
[Round "?"]
[White "girls_chess_1"]
[Black "KamranShirazi"]
[Result "0-1"]
[WhiteElo "2359"]
[BlackElo "2518"]
[PlyCount "48"]
[EventDate "2021.??.??"]
[EventType "blitz"]

1. e4 e5 2. Nf3 d5 3. exd5 e4 4. Ng1 Qxd5 5. d3 exd3 6. Qxd3 Nf6 7. Qxd5 Nxd5
8. Nf3 Nb4 9. Bd3 Nxd3+ 10. cxd3 Bf5 11. Kd2 Nc6 12. Re1+ Be7 13. Kc2 Nb4+ 14.
Kd2 Nxd3 15. Nh4 Nxe1 16. Nxf5 Nxg2 17. Nxg7+ Kf8 18. Nf5 Rd8+ 19. Ke2 h5 20.
Bh6+ Rxh6 21. Nxh6 Rd5 22. Nc3 Re5+ 23. Kf3 Nh4+ 24. Kg3 Kg7 {Normal} 0-1

[Event "Rated Blitz game"]
[Site "?"]
[Date "2021.06.14"]
[Round "?"]
[White "najull"]
[Black "AlmostGone"]
[Result "0-1"]
[WhiteElo "2419"]
[BlackElo "2412"]
[PlyCount "88"]
[EventDate "2021.??.??"]
[EventType "blitz"]

1. e4 e5 2. Nf3 d5 3. exd5 e4 4. Qe2 Nf6 5. Nc3 Qe7 6. Nd4 Bg4 7. f3 exf3 8.
gxf3 Bh5 9. Bh3 Nbd7 10. Ndb5 O-O-O 11. Nxa7+ Kb8 12. Qxe7 Bxe7 13. Nab5 Bxf3
14. O-O Bh5 15. d3 Nb6 16. Bg2 Nbxd5 17. Nxd5 Nxd5 18. Bd2 Bf6 19. c3 Bg6 20.
Be4 Bxe4 21. dxe4 Nb6 22. Bf4 Rd7 23. Rad1 Rc8 24. e5 Be7 25. Bg3 Bc5+ 26. Kg2
Rxd1 27. Rxd1 Nc4 28. Rd7 Bb6 29. Rxf7 Nxb2 30. e6 Nc4 31. e7 Ne3+ 32. Kf3 Nd5
33. Rxg7 Re8 34. Bh4 Bc5 35. Rxh7 Bxe7 36. Bxe7 Nxe7 37. h4 Ng6 38. h5 Ne5+ 39.
Kg3 c6 40. Rxb7+ Ka8 41. Nd6 Re6 42. Nf5 Kxb7 43. h6 Rf6 44. h7 Nf7 {Normal}
0-1

[Event "Rated Blitz game"]
[Site "?"]
[Date "2021.06.14"]
[Round "?"]
[White "ZhohoFF"]
[Black "DarthZannah"]
[Result "1-0"]
[WhiteElo "2532"]
[BlackElo "2582"]
[PlyCount "107"]
[EventDate "2021.??.??"]
[EventType "blitz"]

1. e4 e5 2. Nf3 d5 3. d4 dxe4 4. Nxe5 Nd7 5. Nxd7 Bxd7 6. Nc3 Bd6 7. Bc4 Nf6 8.
Bg5 O-O 9. Qe2 Re8 10. O-O-O h6 11. Bh4 Bg4 12. Qe3 Bxd1 13. Rxd1 c6 14. d5 Qc7
15. Kb1 Nxd5 16. Bxd5 cxd5 17. Nxd5 Qc6 18. Bf6 Bf8 19. Qg3 Kh7 20. Qf4 Re6 21.
Be5 Rd8 22. Qxe4+ Kh8 23. Qd4 f6 24. Bg3 Rc8 25. c3 Rd8 26. c4 Bc5 27. Qg4 b5
28. b3 bxc4 29. Qxc4 Bf8 30. Qxc6 Rxc6 31. Ne3 Rxd1+ 32. Nxd1 Bd6 33. Ne3 Bxg3
34. hxg3 Kg8 35. b4 Kf7 36. Kb2 Rb6 37. Kb3 Ke6 38. a4 Rb8 39. b5 Rd8 40. Kb4
Rd2 41. a5 Rxf2 42. Nc4 Rxg2 43. b6 axb6 44. axb6 Kd7 45. Kc5 Rxg3 46. b7 Rb3
47. Nb6+ Kc7 48. Nd5+ Kxb7 49. Nf4 Rf3 50. Ne6 Rf5+ 51. Kd6 g5 52. Nd8+ Kc8 53.
Nf7 Re5 54. Nxh6 {Time forfeit} 1-0

[Event "Rated Blitz game"]
[Site "?"]
[Date "2021.06.14"]
[Round "?"]
[White "JackTheRipperSlash"]
[Black "khalid_ontawar"]
[Result "1/2-1/2"]
[WhiteElo "2372"]
[BlackElo "2447"]
[PlyCount "64"]
[EventDate "2021.??.??"]
[EventType "blitz"]

1. e4 e5 2. Nf3 d5 3. d4 dxe4 4. Nxe5 Be6 5. Nc3 Nf6 6. Bg5 Be7 7. Be2 Nbd7 8.
O-O O-O 9. f3 exf3 10. Bxf3 c6 11. Kh1 Nd5 12. Bxe7 Qxe7 13. Nxd5 cxd5 14. Nxd7
Qxd7 15. Qd2 Rac8 16. c3 Rfe8 17. Rae1 Bg4 18. Qf4 Bxf3 19. Qxf3 Rxe1 20. Rxe1
Re8 21. Rxe8+ Qxe8 22. h3 Qe4 23. Qg3 h5 24. Kh2 h4 25. Qb8+ Kh7 26. Qxb7 Qf4+
27. Kh1 Qf5 28. Qxa7 Qf1+ 29. Kh2 Qf4+ 30. Kh1 Qf1+ 31. Kh2 Qf4+ 32. Kh1 Qf1+ {
Normal} 1/2-1/2

[Event "Rated Blitz game"]
[Site "?"]
[Date "2021.06.14"]
[Round "?"]
[White "lMedarde"]
[Black "pasha1984"]
[Result "0-1"]
[WhiteElo "2443"]
[BlackElo "2404"]
[PlyCount "130"]
[EventDate "2021.??.??"]
[EventType "blitz"]

1. e4 e5 2. Nf3 d5 3. Bb5+ c6 4. Bd3 dxe4 5. Bxe4 Nf6 6. Nc3 Bb4 7. Qe2 O-O 8.
O-O Bg4 9. h3 Bh5 10. d3 Nbd7 11. g4 Bg6 12. Bxg6 hxg6 13. Nxe5 Re8 14. d4 c5
15. Qc4 Nxe5 16. dxe5 Rxe5 17. Bf4 Bxc3 18. Qxc3 Re4 19. Bg5 Nd5 20. Bxd8 Nxc3
21. bxc3 Rxd8 22. Rfd1 Rde8 23. a4 Rc4 24. Rdb1 b6 25. a5 Rxc3 26. axb6 axb6
27. Rxb6 Rxc2 28. Rab1 Ree2 29. Rb8+ Kh7 30. Rf1 Re6 31. Rc8 Rf6 32. Kg2 c4 33.
Kg3 g5 34. Rc5 Kg6 35. f3 Rc3 36. h4 gxh4+ 37. Kxh4 Rf4 38. Kg3 Rf6 39. Kh4
Rfxf3 40. Rxf3 Rxf3 41. Rxc4 f6 42. Rc5 Rf1 43. Kh3 Rf3+ 44. Kg2 Ra3 45. Rb5
Re3 46. Rc5 Re5 47. Rc4 Kg5 48. Kf3 g6 49. Rc6 Ra5 50. Rb6 Ra3+ 51. Kf2 Ra4 52.
Kf3 Rf4+ 53. Ke3 Rxg4 54. Kf3 f5 55. Kf2 Ra4 56. Rb3 Kg4 57. Rb2 g5 58. Kg2 f4
59. Kg1 Kg3 60. Rb1 f3 61. Rc1 g4 62. Rb1 Ra2 63. Rc1 Rg2+ 64. Kh1 Rh2+ 65. Kg1
f2+ {Normal} 0-1

[Event "Rated Blitz game"]
[Site "?"]
[Date "2021.06.14"]
[Round "?"]
[White "Rvlc"]
[Black "magos33"]
[Result "0-1"]
[WhiteElo "2413"]
[BlackElo "2407"]
[PlyCount "36"]
[EventDate "2021.??.??"]
[EventType "blitz"]

1. e4 e5 2. Nf3 d5 3. d4 dxe4 4. Nxe5 Bd6 5. Bc4 Bxe5 6. dxe5 Qxd1+ 7. Kxd1 Nc6
8. Bf4 Nge7 9. Nd2 Bf5 10. Re1 Ng6 11. Bg3 Ncxe5 12. Bb3 O-O-O 13. Kc1 Rhe8 14.
Nxe4 Bxe4 15. Rxe4 f5 16. Ra4 f4 17. Bxf4 Nxf4 18. Rxf4 Ng6 {Normal} 0-1

[Event "Rated Blitz game"]
[Site "?"]
[Date "2021.06.14"]
[Round "?"]
[White "taoneto"]
[Black "KinzyabulatovRenat"]
[Result "1-0"]
[WhiteElo "2455"]
[BlackElo "2393"]
[PlyCount "125"]
[EventDate "2021.??.??"]
[EventType "blitz"]

1. e4 e5 2. Nf3 d5 3. exd5 e4 4. Qe2 Nf6 5. Nc3 Be7 6. Nxe4 Nxd5 7. d3 O-O 8.
g3 Re8 9. Be3 f5 10. Ned2 Bd6 11. Bg2 Nc6 12. O-O f4 13. gxf4 Nxf4 14. Qd1 Nxg2
15. Kxg2 Re6 16. Kh1 Rg6 17. Rg1 Bg4 18. Qf1 Qf6 19. Rg3 Bxg3 20. fxg3 Rf8 21.
Nh4 Qe7 22. Qg1 Re6 23. Ne4 Ne5 24. Rf1 Rxf1 25. Qxf1 b6 26. h3 Bh5 27. Qf2 h6
28. g4 Be8 29. Nf5 Qf8 30. Kg2 c5 31. b3 Nd7 32. Nfg3 Nf6 33. Kg1 Nxe4 34.
Qxf8+ Kxf8 35. Nxe4 Bc6 36. Kf2 Bxe4 37. dxe4 Rxe4 38. Kf3 Re6 39. c4 g5 40. a3
Kg7 41. b4 cxb4 42. axb4 a5 43. bxa5 bxa5 44. Bd4+ Kg6 45. c5 a4 46. Bb2 Rc6
47. Ba3 Kf6 48. Ke4 Ke6 49. Kd4 Rc8 50. Kc4 Ke5 51. Kb5 Kf4 52. Kxa4 Kg3 53.
Kb5 Kxh3 54. c6 Kxg4 55. Kb6 Kf3 56. Kb7 Re8 57. Bd6 g4 58. Kc7 g3 59. Kd7 Rg8
60. Bxg3 Kxg3 61. c7 h5 62. Kd6 h4 63. Ke6 {Time forfeit} 1-0

[Event "Rated Blitz game"]
[Site "?"]
[Date "2021.06.14"]
[Round "?"]
[White "BillGeorgeOrJustBG"]
[Black "pasha1984"]
[Result "1-0"]
[WhiteElo "2415"]
[BlackElo "2429"]
[PlyCount "61"]
[EventDate "2021.??.??"]
[EventType "blitz"]

1. e4 e5 2. Nf3 d5 3. Nxe5 dxe4 4. Bc4 Qg5 5. Bxf7+ Ke7 6. d4 Qxg2 7. Kd2 Qxf2+
8. Kc3 Nf6 9. b3 Be6 10. Ba3+ Kd8 11. Bxe6 Bxa3 12. Nxa3 Re8 13. d5 Na6 14. Kb2
Nb4 15. Nac4 Re7 16. a3 Na6 17. Rf1 Qxh2 18. Qd4 Ke8 19. Rae1 Rd8 20. Rxf6 gxf6
21. Ng4 Qf4 22. Nxf6+ Kf8 23. Rxe4 Qh6 24. Rf4 Rxe6 25. Ng4+ Ke7 26. Nxh6 Rxh6
27. Qg7+ Ke8 28. Qxh6 Rxd5 29. Rf8+ Ke7 30. Qg7+ Ke6 31. Rf6# {Normal} 1-0

[Event "Rated Blitz game"]
[Site "?"]
[Date "2021.06.14"]
[Round "?"]
[White "nmcrazyim5"]
[Black "GoughPhar"]
[Result "1-0"]
[WhiteElo "2421"]
[BlackElo "2397"]
[PlyCount "50"]
[EventDate "2021.??.??"]
[EventType "blitz"]

1. e4 e5 2. Nf3 d5 3. Nxe5 Bd6 4. d4 dxe4 5. Nc4 Nf6 6. Nc3 Nc6 7. Be3 O-O 8.
Be2 Bf5 9. O-O Re8 10. Qd2 h6 11. f3 exf3 12. Bxf3 Be6 13. d5 Bxh2+ 14. Kxh2
Ng4+ 15. Bxg4 Qh4+ 16. Bh3 Bxh3 17. gxh3 Qxc4 18. dxc6 Rad8 19. Qf2 Rd6 20.
cxb7 Rf6 21. Qe2 Qxe2+ 22. Nxe2 Rfe6 23. Bxa7 Rxe2+ 24. Rf2 Rxf2+ 25. Bxf2 Rb8
{Normal} 1-0